书目信息 |
| 题名: |
物流营销实务
|
|
| 作者: | 杨穗萍 主编 | |
| 分册: | 专业培养方向课 | |
| 出版信息: | 北京 中国物资出版社 2006 |
|
| 页数: | 309页 | |
| 开本: | 24cm | |
| 丛书名: | ||
| 单 册: | ||
| 中图分类: | F252.2 | |
| 科图分类: | ||
| 主题词: | 物资市场--市场营销学--专业学校--教材 | |
| 电子资源: | ||
| ISBN: | 7-5047-2478-5 | |
| 000 | 01331nam0 2200361 450 | |
| 000 | 01294nam0 2200349 450 | |
| 000 | 01242nam0 2200337 450 | |
| 000 | 01207nam0 2200325 450 | |
| 000 | 01170nam0 2200313 450 | |
| 000 | 01134nam0 2200301 450 | |
| 000 | 01167nam0 2200289 450 | |
| 000 | 01130nam0 2200277 45 | |
| 001 | 1154388737 | |
| 005 | 20111004150724.07 | |
| 010 | @a7-5047-2478-5@dCNY30.00 | |
| 100 | @a20060829d2006 em y0chiy0120 ea | |
| 101 | 0 | @achi |
| 102 | @aCN@b110000 | |
| 105 | @aa a 000yy | |
| 200 | 1 | @a物流营销实务@AWu Liu Ying Xiao Shi Wu@dPractice of logistics sales and marketing@i专业培养方向课@IZhuan Ye Pei Yang Fang Xiang Ke@f杨穗萍主编@FYang Sui Ping Zhu Bian@zeng |
| 210 | @a北京@c中国物资出版社@d2006 | |
| 215 | @a309页@c图@d24cm | |
| 300 | @a教育部立项推荐中等职业学校物流专业紧缺人才培养培训教学指导方案配套教材 | |
| 320 | @a有书目 | |
| 510 | 1 | @aPractice of logistics sales and marketing@zeng |
| 517 | 1 | @a专业培养方向课@AZhuan Ye Pei Yang Fang Xiang Ke |
| 606 | 0 | @a物资市场@x市场营销学@x专业学校@x教材 |
| 690 | @aF252.2@v4 | |
| 701 | 0 | @a杨穗萍@AYang Sui Ping@4主编 |
| 801 | 0 | @aCN@b中图数据@c20060829 |
| 905 | @a10447@dF252.2@eJY88 | |
| 物流营销实务=Practice of logistics sales and marketing.专业培养方向课/杨穗萍主编.-北京:中国物资出版社,2006 |
| 309页:图;24cm |
| 教育部立项推荐中等职业学校物流专业紧缺人才培养培训教学指导方案配套教材 |
| ISBN 7-5047-2478-5:CNY30.00 |
| ● |
| 相关链接 |
|
|
|
|
正题名:物流营销实务
索取号:F252.2/JY88
 
预约/预借
| 序号 | 登录号 | 条形码 | 馆藏地/架位号 | 状态 | 备注 |
| 1 | 7813669 | 278136697 | 学院路分馆/ [索取号:F252.2/JY88] | 在馆 | |
| 2 | 7813670 | 278136704 | 学院路分馆/ [索取号:F252.2/JY88] | 在馆 |